00779cam a2200205 a 450000100100000000500170001000800410002704000250006808200190009310000380011224500810015026000520023130000190028349000300030265000320033265000330036483000390039795201220043699900150055800000619820200929151954.0740911s1973 ec 000 p spa  aDO-SdBNPbspacBNPHU aE861.44bJ371c1 aJaramillo, Carlos Eduardo.91735310aCrónicas de la casa, los árboles y el río /cCarlos Eduardo Jaramillo. aQuito :bCasa de la Cultura Ecuatoriana,c1973. a96 p. ;c18cm.1 aPoetas del Ecuadorvno. 1 4aPoesía ecuatoriana913387 4aLiteratura ecuatoriana93938 0aPoetas del Ecuador ;vno. 1917354 001052708MOaGRbGRcCTd2009-08-26iLF1l0oE861.44 J371cp6198-10r2020-06-25w2020-06-25y2ZPréstamo interno c5993d5993